000 00544cab a2200217 4500
001 X1184
008 090401t1993 xxu||||| |||| 00| 0 eng d
035 _a(Sirsi) u15294
041 _aeng
245 _aSpoil disposal : the reclamation option
260 _c1993
350 _a0
490 _aCS Monthly : Minerals bulletin
_v3(3) November 1993, 2(1)
650 _aCOLLIERY SPOIL
650 _aLAND RECLAMATION
650 _aMARSHLAND
650 _aRECLAMATION
690 _aMINING AND MINERALS
942 _n0
948 _c04/03/1997
999 _c10012
_d10012